000 00363nam a22001457a 4500
020 _a9780007395170
082 _a823
_bTIL/S
100 _aTilly Bagshawe
245 _aSidney Sheldons after the darkness
_cby Tilly Bagshawe
260 _aLondon:
_bHarper,
_c2010.
300 _a389p.
650 _aLiterature English
_vNovel
650 _aLiterature
942 _cBK
999 _c54694
_d54694